Aktuelle KFZ-Kennzeichen Niedersachsen (Karte) - Statistiken

Allgemein
  • Dieses Quiz wurde 130 mal gespielt
  • Das Durchschnittsergebnis liegt bei 31 aus 43
Antworten auf der Karte
Die Antworten werden auf der Karte rot bzw. grün angezeigt, abhängig davon wie oft sie richtig erraten wurden.
 
Antwortstatistiken
Hint Antwort % Korrekt
Hannover H
99%
Göttingen
94%
Braunschweig BS
93%
Osnabrück OS
93%
Oldenburg OL
91%
Cuxhaven CUX
89%
Hildesheim HI
89%
Celle CE
88%
Aurich AUR
87%
Wolfsburg WOB
86%
Uelzen UE
84%
Stade STD
82%
Peine PE
81%
Delmenhorst DEL
80%
Vechta VEC
80%
Verden VER
80%
Leer LER
79%
Helmstedt HE
78%
Emsland EL
77%
Nienburg NI
77%
Cloppenburg CLP
76%
Hameln HM
76%
Goslar GS
75%
Salzgitter SZ
75%
Diepholz DH
74%
Wilhelmshaven WHV
73%
Friesland FRI
71%
Wittmund WTM
69%
Brake BRA
67%
Gifhorn GF
67%
Nordhorn NOH
65%
Wolfenbüttel WF
63%
Winsen (Luhe) WL
61%
Rotenburg (Wümme) ROW
60%
Lüneburg LG
59%
Westerstede WST
58%
Osterholz-Scharmbeck OHZ
56%
Holzminden HOL
53%
Northeim NOM
45%
Lüchow-Dannenberg DAN
42%
Soltau-Fallingsbostel SFA
39%
Schaumburg SHG
39%
Osterode am Harz OHA
38%
Keine übereinstimmenden Quizze gefunden
Verteilung der Resultate
Anzahl Personen mit jedem Resultat
Perzentil nach korrekt beantworteten Fragen
Ihre Resultats-Entwicklung
Sie haben dieses Quiz noch nicht gespielt